• 首页
  • 本馆介绍
  • 公告通知
  • 最新文献
  • 馆藏检索
  • 电子资源
  • 读者导购
  • 参考咨询
  • 我的图书馆
  • 登录
  • 详细信息显示
  • 放入我的书架
  • 预约/预借图书
  • 作者相关作品
  • 分类相关作品
  • 丛书相关作品
  • 出版社相关作品

书目信息

  • 表格格式
  • 工作单格式
  • 卡片格式
题名:
淀粉工业环境管理
    
 
作者: 薛鹏丽 , 佟毅 , 周庆锋 主编
分册:  
出版信息: 北京   化学工业出版社  2021.6
页数: 245页
开本: 26cm
丛书名:
单 册:
中图分类: X792
科图分类:
主题词: 淀粉--食品工业--环境管理
电子资源:
ISBN: 978-7-122-38696-0
000 01095nam0 2200253 45
001 012001002377
005 20140914085348.0
010    @a978-7-122-38696-0@dCNY98.00
100    @a20210716d2021 em y0chiy50 ea
101 0  @achi
102    @aCN@b110000
105    @aa z 000yy
106    @ar
200 1  @a淀粉工业环境管理@Adian fen gong ye huan jing guan li@b专著@f薛鹏丽,佟毅,周庆锋主编
210    @a北京@c化学工业出版社@d2021.6
215    @a245页@c图,照片@d26cm
330    @a本书共13章,首先简要介绍了环境管理概念、主体、职责和制度,然后基于淀粉行业现状和发展趋势,介绍了淀粉行业的生产工艺和产排污情况,梳理了淀粉行业现行的环境管理制度和淀粉企业应建立的环境管理制度,总结了国内外淀粉行业相关环境保护政策与标准,以马铃薯淀粉行业为例分析了淀粉行业循环经济模式,并从绿色制造、清洁生产的可持续发展角度提出了淀粉企业的未来发展方向。
606 0  @a淀粉@x食品工业@x环境管理
690    @aX792@v5
701  0 @a薛鹏丽@Axue peng li@c(女)@4主编
701  0 @a佟毅@Atong yi@4主编
701  0 @a周庆锋@Azhou qing feng@4主编
801  0 @aCN@bBJSDL@c20211011
905    @b1339492-5@dX792@e355@f4
    
    淀粉工业环境管理/薛鹏丽,佟毅,周庆锋主编.-北京:化学工业出版社,2021.6
    245页:图,照片;26cm
    
    
    ISBN 978-7-122-38696-0:CNY98.00
    本书共13章,首先简要介绍了环境管理概念、主体、职责和制度,然后基于淀粉行业现状和发展趋势,介绍了淀粉行业的生产工艺和产排污情况,梳理了淀粉行业现行的环境管理制度和淀粉企业应建立的环境管理制度,总结了国内外淀粉行业相关环境保护政策与标准,以马铃薯淀粉行业为例分析了淀粉行业循环经济模式,并从绿色制造、清洁生产的可持续发展角度提出了淀粉企业的未来发展方向。
●
相关链接 在E读中查询图书 在五车中查询图书 在当当中查询图书 在豆瓣中查询图书


正题名:淀粉工业环境管理     索取号:X792/355         预约/预借

序号 登录号 条形码 馆藏地/架位号 状态 备注
1 1339492   213394922   第二样本阅览室/ [索取号:X792/355] 在馆    
2 1339493   213394931   第三借阅区/ [索取号:X792/355] 在馆    
3 1339494   213394940   第三借阅区/ [索取号:X792/355] 在馆    
4 1339495   213394959   第三借阅区/ [索取号:X792/355] 在馆    
唐山师范学院图书馆 欢迎您!
大连网信软件有限公司© 版权所有